[Event "RLP Seniors op 17th"]
[Site "Neustadt an der Weinstrasse"]
[Date "2019.07.28"]
[Round "9"]
[White "Geisert, Bernd"]
[Black "Pfaff, Helmut"]
[Result "0-1"]
[WhiteElo "1489"]
[BlackElo "1314"]
[PlyCount "54"]
[EventDate "2019.07.20"]
[EventType "swiss"]
[EventRounds "9"]
[EventCountry "GER"]
[SourceTitle "CBM 192 Extra"]
[Source "Chessbase"]
[SourceDate "2019.11.06"]
[SourceVersion "1"]
[SourceVersionDate "2019.11.06"]
[SourceQuality "1"]

1. d4 d5 2. Nf3 f6 3. h4 h5 4. Qd3 Rh6 5. Bxh6 Nxh6 6. Qg6+ Kd7 7. e3 Nc6 8. g3 Nb4 9. Na3 a6 10. c3 Nc6 11. Qxh5 Kd6 12. Nh2 e5 13. dxe5+ fxe5 14. Qd1 g6 15. c4 d4 16. c5+ Kxc5 17. Rc1+ Kb6 18. Qb3+ Ka7 19. Qa4 Qd5 20. Rg1 Bb4+ 21. Ke2 b5 22. Qb3 Qd6 23. Qd3 Ng4 24. Nxg4 Bxg4+ 25. f3 Bf5 26. e4 Be6 27. Nc2 Bc4 0-1

[Event "Pfalz-ch Seniors 87th"]
[Site "Landau"]
[Date "2018.03.30"]
[Round "6"]
[White "Geisert, Bernd"]
[Black "Mang, Willi"]
[Result "1-0"]
[WhiteElo "1209"]
[BlackElo "1231"]
[PlyCount "51"]
[EventDate "2018.03.23"]
[EventType "swiss"]
[EventRounds "7"]
[EventCountry "GER"]
[SourceTitle "EXT 2019"]
[Source "ChessBase"]
[SourceDate "2018.10.10"]
[SourceVersion "1"]
[SourceVersionDate "2018.10.10"]
[SourceQuality "1"]

1. d4 d5 2. Nf3 Nf6 3. c4 e6 4. Bg5 Be7 5. Nc3 0-0 6. e3 Nbd7 7. Bd3 c5 8. 0-0 dxc4 9. Bxc4 cxd4 10. exd4 b6 11. Re1 Bb7 12. Bf4 Re8 13. Bb3 a6 14. Rc1 Rc8 15. Ne5 b5 16. Nxd7 Qxd7 17. Be5 Qc6 18. f3 Ng4 19. Ne2 Ne3 20. Qd3 Nc4 21. Bg3 Qd7 22. Bxc4 bxc4 23. Rxc4 Rxc4 24. Qxc4 Rc8 25. Qd3 Bd5 26. Kf2 1-0

[Event "Rheinland Pfalz op Seniors 13th"]
[Site "Neustadt an der Weinstrasse"]
[Date "2015.07.14"]
[Round "5"]
[White "Geisert, Bernd"]
[Black "Ranker, Klemens"]
[Result "0-1"]
[WhiteElo "1619"]
[BlackElo "1854"]
[PlyCount "82"]
[EventDate "2015.07.10"]
[EventType "swiss"]
[EventRounds "7"]
[EventCountry "GER"]
[SourceTitle "EXT 2019"]
[Source "ChessBase"]
[SourceDate "2018.10.10"]
[SourceVersion "1"]
[SourceVersionDate "2018.10.10"]
[SourceQuality "1"]

1. d4 d5 2. Nf3 Nf6 3. e3 g6 4. Bd3 Bg7 5. 0-0 0-0 6. Nbd2 Nc6 7. c3 Re8 8. e4 dxe4 9. Nxe4 Nd5 10. Re1 a6 11. Qc2 Bg4 12. Be2 Rb8 13. h3 Bf5 14. g4 Bc8 15. Bf1 Nf6 16. Ng3 Qd6 17. Be3 Nd8 18. Rad1 Ne6 19. Bg2 Nf4 20. Ne4 Nxe4 21. Qxe4 Nxg2 22. Kxg2 f5 23. gxf5 Bxf5 24. Qh4 Qd5 25. Bc1 Bf6 26. Qg3 c6 27. Bf4 Rbd8 28. Kh2 Qxa2 29. Nh4 Bxh4 30. Qxh4 Qf7 31. Be5 e6 32. Rg1 Rd5 33. Rg5 Red8 34. Rdg1 R8d7 35. Qh6 Rxe5 36. dxe5 Be4 37. R5g3 Qxf2+ 38. R1g2 Bxg2 39. Rxg6+ hxg6 40. Qxg6+ Rg7 41. Qxe6+ Qf7 0-1

[Event "Rheinland Pfalz op Seniors 11th"]
[Site "Neustadt an der Weinstrasse"]
[Date "2013.07.19"]
[Round "7"]
[White "Scheffler, Juergen"]
[Black "Geisert, Bernd"]
[Result "0-1"]
[WhiteElo "1149"]
[BlackElo "1333"]
[PlyCount "66"]
[EventDate "2013.07.12"]
[EventType "swiss"]
[EventRounds "7"]
[EventCountry "GER"]
[SourceTitle "EXT 2019"]
[Source "ChessBase"]
[SourceDate "2018.10.10"]
[SourceVersion "1"]
[SourceVersionDate "2018.10.10"]
[SourceQuality "1"]

1. d4 d5 2. c4 c6 3. cxd5 cxd5 4. Nf3 Nf6 5. Bg5 Ne4 6. Bf4 Nc6 7. e3 e6 8. Nbd2 Bd6 9. Bxd6 Nxd6 10. b3 0-0 11. a3 Bd7 12. Bd3 Rc8 13. Rc1 f6 14. 0-0 e5 15. dxe5 fxe5 16. Bb1 Bg4 17. h3 Bh5 18. Qc2 e4 19. Rfe1 Qf6 20. Rf1 Ne5 21. Nxe5 Rxc2 22. Nd7 Rxd2 23. Nxf6+ Rxf6 24. Kh2 Be2 25. Rfe1 Rxf2 26. Rc2 Bd3 27. Rxd2 Rxd2 28. Rc1 Bxb1 29. Rxb1 Rd3 30. Rc1 Rxe3 31. Rc5 Rd3 32. b4 e3 33. Kg1 Rd1+ 0-1

[Event "Zweibruecken PSB-ch HT3 82nd"]
[Site "Zweibruecken"]
[Date "2013.03.24"]
[Round "3"]
[White "Anton, Juergen"]
[Black "Geisert, Bernd"]
[Result "1-0"]
[WhiteElo "1637"]
[BlackElo "1368"]
[PlyCount "35"]
[EventDate "2013.??.??"]
[EventType "swiss"]
[EventRounds "7"]
[EventCountry "GER"]
[SourceTitle "EXT 2014"]
[Source "ChessBase"]
[SourceDate "2013.11.20"]
[SourceVersion "1"]
[SourceVersionDate "2013.11.20"]
[SourceQuality "1"]

1. e4 c6 2. c4 e5 3. d4 Bb4+ 4. Nc3 exd4 5. Qxd4 Qf6 6. e5 c5 7. Qe3 Qe6 8. Bd2 Nc6 9. f4 Nd4 10. 0-0-0 Ne7 11. Bd3 Qa6 12. Kb1 b6 13. Nf3 Nec6 14. Nd5 Ne6 15. f5 Bxd2 16. Qxd2 Nb4 17. Nxb4 cxb4 18. fxe6 1-0